000 00702nam a22002291 4500
001 105376
003 ES-MaACL
005 20250611063102.0
007 t|
008 060703s1961 xxu ||||0| eng d
016 7 _zIND9900878152
040 _aM-BN
_bspa
_cCDM
080 _a946"1936/39"
100 1 _aThomas, Hugh,
_d1931-2017
_9110019
245 1 4 _aThe Spanish civil war /
_cHugh Thomas.
260 _aNew York :
_bHarper and Brothers,
_c[1961]
300 _aXXIX, 720 p., 1 h :
_bil. mapas ;
_c21 cm.
500 _aBiblioteca Juan Andrade.
651 4 _aEspaƱa-
_xHistoria-
_y1936-1939, Guerra civil.
_98292
852 _aES-MaACL
_jAND-170
_bR.109471
999 _c105376
_d105376